[Event "LSS SL-2007-0-00111"]
[Site "LSS email"]
[Date "2007.10.30"]
[Round "?"]
[White "Shines, King"]
[Black "Murphy, Jones"]
[Result "1/2-1/2"]
[WhiteElo "1066"]
[BlackElo "1139"]
[PlyCount "72"]
[EventDate "2007.10.25"]
[EventType "tourn (corr)"]
[EventRounds "6"]
[EventCountry "GER"]
[SourceTitle "Corr 2011"]
[Source "ChessBase"]
[SourceDate "2010.08.31"]
[SourceVersion "1"]
[SourceVersionDate "2010.08.31"]
[SourceQuality "1"]

1. e4 e5 2. Nf3 Nc6 3. Bb5 a6 4. Ba4 Nf6 5. 0-0 Be7 6. Re1 b5 7. Bb3 0-0 8. h3 Bb7 9. c3 d5 10. exd5 Nxd5 11. d3 Qd6 12. Nbd2 Rad8 13. Ne4 Qg6 14. Ng3 Nf4 15. Bxf4 exf4 16. Ne4 Na5 17. Bc2 c5 18. Qc1 Qh6 19. d4 cxd4 20. Nxd4 g6 21. Ne2 Bg5 22. Nxg5 Qxg5 23. Nxf4 Rfe8 24. Rxe8+ Rxe8 25. b3 Nc6 26. Nd3 Qf6 27. Nc5 Qxc3 28. Nxb7 Nd4 29. Bd1 Qe1+ 30. Kh2 Qxf2 31. Bg4 h5 32. Bxh5 gxh5 33. Qg5+ Kf8 34. Qh6+ Kg8 35. Qg5+ Kf8 36. Qh6+ Kg8 1/2-1/2

[Event "LSS SL-2007-0-00111"]
[Site "LSS email"]
[Date "2007.10.28"]
[Round "?"]
[White "Kis Kos, Laszlo"]
[Black "Shines, King"]
[Result "1-0"]
[WhiteElo "1241"]
[BlackElo "1108"]
[PlyCount "101"]
[EventDate "2007.10.25"]
[EventType "tourn (corr)"]
[EventRounds "6"]
[EventCountry "GER"]
[SourceTitle "Corr 2015"]
[Source "ChessBase"]
[SourceDate "2015.07.17"]
[SourceVersion "1"]
[SourceVersionDate "2015.07.17"]
[SourceQuality "1"]

1. e4 e5 2. f4 exf4 3. Nf3 g5 4. h4 g4 5. Ne5 Nf6 6. d4 d6 7. Nd3 Nxe4 8. Qe2 Qe7 9. Bxf4 Nc6 10. c3 Bf5 11. Nd2 0-0-0 12. 0-0-0 Re8 13. Nxe4 Qxe4 14. Qxe4 Bxe4 15. Nf2 Bf5 16. Bc4 f6 17. Rde1 Bg7 18. h5 h6 19. Be2 Bd7 20. Bxg4 f5 21. Bd1 Ne7 22. Bf3 Ng8 23. Rxe8+ Bxe8 24. g4 fxg4 25. Bxg4+ Kd8 26. Bf3 b6 27. Rg1 Bf8 28. Ne4 Be7 29. Ng3 Nf6 30. b3 c5 31. dxc5 bxc5 32. Rd1 d5 33. Bxd5 Nxd5 34. Rxd5+ Kc8 35. Nf5 Bf8 36. Bd6 Bxd6 37. Nxd6+ Kc7 38. Nxe8+ Rxe8 39. Rxc5+ Kb6 40. Rf5 Re6 41. Rf7 a6 42. Rg7 Kc5 43. Rg6 Re1+ 44. Kd2 Ra1 45. Rxa6 Kb5 46. Rxh6 Rxa2+ 47. Kd3 Rg2 48. Rh8 Rg3+ 49. Kd4 Rg4+ 50. Ke5 Rg3 51. h6 1-0

[Event "LSS SL-2007-0-00111"]
[Site "LSS email"]
[Date "2007.10.27"]
[Round "?"]
[White "Shines, King"]
[Black "Tjiptadi, Agus"]
[Result "1/2-1/2"]
[WhiteElo "1066"]
[BlackElo "1500"]
[PlyCount "77"]
[EventDate "2007.10.25"]
[EventType "tourn (corr)"]
[EventRounds "6"]
[EventCountry "GER"]
[SourceTitle "Corr 2011"]
[Source "ChessBase"]
[SourceDate "2010.08.31"]
[SourceVersion "1"]
[SourceVersionDate "2010.08.31"]
[SourceQuality "1"]

1. e4 e5 2. Nf3 Nf6 3. d4 Nxe4 4. Bd3 d5 5. Nxe5 Bd6 6. 0-0 0-0 7. Nd2 Nf6 8. Ndf3 h6 9. Re1 Re8 10. Bd2 c5 11. c3 Nc6 12. Qc1 Qc7 13. Bxh6 Bxe5 14. Nxe5 Nxe5 15. dxe5 Rxe5 16. Rxe5 Qxe5 17. Qg5 Qxg5 18. Bxg5 Ne4 19. Be7 b6 20. Re1 Bf5 21. f3 Nd6 22. Ba6 Re8 23. Kf2 Nc8 24. Bg5 Rxe1 25. Kxe1 f6 26. Bf4 Kf7 27. b3 Ke7 28. Bb7 Be6 29. h4 Nd6 30. Bc6 d4 31. cxd4 cxd4 32. g4 Nf7 33. Bc1 Kd6 34. Bb5 Bd5 35. f4 Bf3 36. g5 Kc5 37. Bc4 Nd6 38. Ba3+ Kc6 39. Bxd6 1/2-1/2

[Event "IECG CP.2006.P.00024 email"]
[Site "IECG email"]
[Date "2006.10.01"]
[Round "?"]
[White "Zwaneveld, Ansel"]
[Black "Shines, King"]
[Result "1-0"]
[WhiteElo "1702"]
[BlackElo "1065"]
[PlyCount "53"]
[EventDate "2006.10.01"]
[EventType "tourn (corr)"]
[EventRounds "6"]
[SourceTitle "Corr 2011"]
[Source "ChessBase"]
[SourceDate "2010.08.31"]
[SourceVersion "1"]
[SourceVersionDate "2010.08.31"]
[SourceQuality "1"]

1. d4 Nf6 2. c4 e6 3. Nc3 Bb4 4. e3 c5 5. a3 Bxc3+ 6. bxc3 0-0 7. Nf3 Nc6 8. a4 cxd4 9. exd4 d5 10. c5 Re8 11. Bb5 a6 12. Bxc6 bxc6 13. Bf4 Qa5 14. Qb3 Ne4 15. Qb4 Qxb4 16. cxb4 f6 17. 0-0 g5 18. Be3 e5 19. b5 cxb5 20. axb5 exd4 21. Bxd4 g4 22. Rfe1 Bf5 23. Nh4 Bg6 24. Nxg6 hxg6 25. b6 a5 26. c6 Re6 27. b7 1-0

[Event "CFriend SL-2005-0-00038 email"]
[Site "Chessfriend.com"]
[Date "2005.10.31"]
[Round "1"]
[White "Shines, King"]
[Black "Van Beurden, Roel"]
[Result "0-1"]
[WhiteElo "909"]
[BlackElo "1000"]
[PlyCount "52"]
[EventDate "2005.??.??"]
[EventType "tourn (corr)"]
[EventRounds "6"]
[SourceTitle "Corr 2008"]
[Source "ChessBase"]
[SourceDate "2008.06.24"]
[SourceVersion "1"]
[SourceVersionDate "2008.06.24"]
[SourceQuality "1"]

1. e4 e5 2. Nf3 Nc6 3. Bb5 a6 4. Ba4 Nf6 5. 0-0 Be7 6. Re1 b5 7. Bb3 0-0 8. c3 d5 9. exd5 Nxd5 10. Nxe5 Nxe5 11. Rxe5 c6 12. d4 Bd6 13. Re1 Qh4 14. g3 Qh3 15. Be3 Bg4 16. Qd3 Rae8 17. Nd2 Re6 18. a4 Qh5 19. axb5 axb5 20. Bd1 Nxe3 21. fxe3 Bxg3 22. hxg3 Rh6 23. Nf1 Qh1+ 24. Kf2 Rh2+ 25. Nxh2 Qxh2+ 26. Kf1 Bh3# 0-1

[Event "CFriend SL-2004-0-00016 email"]
[Site "Chessfriend.com"]
[Date "2004.02.13"]
[Round "?"]
[White "Popp, Tony"]
[Black "Shines, King"]
[Result "1-0"]
[WhiteElo "962"]
[BlackElo "918"]
[PlyCount "33"]
[EventDate "2004.??.??"]
[EventType "tourn (corr)"]
[EventRounds "11"]
[SourceTitle "Corr 2008"]
[Source "ChessBase"]
[SourceDate "2008.06.24"]
[SourceVersion "1"]
[SourceVersionDate "2008.06.24"]
[SourceQuality "1"]

1. e4 e5 2. Nf3 Nc6 3. Nc3 Nf6 4. d4 exd4 5. Nxd4 Bb4 6. Nxc6 bxc6 7. Bd3 d5 8. exd5 cxd5 9. Qe2+ Be7 10. Bb5+ Bd7 11. Bxd7+ Qxd7 12. Bg5 0-0 13. 0-0-0 c6 14. Rhe1 Rfe8 15. Qf3 Qb7 16. b3 h6 17. Bh4 1-0

[Event "CFriend SL-2004-0-00016 email"]
[Site "Chessfriend.com"]
[Date "2004.02.13"]
[Round "?"]
[White "Shines, King"]
[Black "Cattermole, John"]
[Result "0-1"]
[WhiteElo "918"]
[BlackElo "1428"]
[PlyCount "20"]
[EventDate "2004.??.??"]
[EventType "tourn (corr)"]
[EventRounds "11"]
[SourceTitle "Corr 2008"]
[Source "ChessBase"]
[SourceDate "2008.06.24"]
[SourceVersion "1"]
[SourceVersionDate "2008.06.24"]
[SourceQuality "1"]

1. e4 c6 2. d4 d5 3. Nc3 dxe4 4. Nxe4 Bf5 5. Nc5 b6 6. Nb3 e6 7. Nf3 h6 8. Bd3 Bxd3 9. Qxd3 Bd6 10. 0-0 Nf6 0-1

[Event "IECG CN.2002.0.00300 email"]
[Site "IECG email"]
[Date "2002.07.08"]
[Round "?"]
[White "Humphries, Lance"]
[Black "Shines, King"]
[Result "1-0"]
[WhiteElo "968"]
[BlackElo "800"]
[PlyCount "29"]
[EventDate "2002.07.08"]
[EventType "tourn (corr)"]
[EventRounds "5"]
[SourceTitle "Corr 2008"]
[Source "ChessBase"]
[SourceDate "2008.06.24"]
[SourceVersion "1"]
[SourceVersionDate "2008.06.24"]
[SourceQuality "1"]

1. Nf3 Nc6 2. g3 e5 3. d3 d5 4. Bg2 Nf6 5. 0-0 h6 6. c4 Be6 7. b3 Qd7 8. Re1 0-0-0 9. Nc3 Bb4 10. Bd2 dxc4 11. bxc4 Bh3 12. Bh1 b6 13. Qa4 Bc5 14. Nxe5 Nxe5 15. Qa6+ 1-0

[Event "IECG CN.2002.0.00300 email"]
[Site "IECG email"]
[Date "2002.07.08"]
[Round "?"]
[White "Kyllo, Richard"]
[Black "Shines, King"]
[Result "1/2-1/2"]
[WhiteElo "979"]
[BlackElo "800"]
[PlyCount "91"]
[EventDate "2002.07.08"]
[EventType "tourn (corr)"]
[EventRounds "5"]
[SourceTitle "Corr 2008"]
[Source "ChessBase"]
[SourceDate "2008.06.24"]
[SourceVersion "1"]
[SourceVersionDate "2008.06.24"]
[SourceQuality "1"]

1. d4 Nf6 2. c4 e6 3. Nc3 Bb4 4. Nf3 c5 5. e3 0-0 6. Bd3 d5 7. 0-0 dxc4 8. Bxc4 Nbd7 9. Qe2 cxd4 10. exd4 b6 11. a3 Bd6 12. Nb5 Be7 13. Bf4 Bb7 14. Nd6 Bd5 15. Bxd5 Nxd5 16. Bg3 N7f6 17. Nc4 Rc8 18. Nce5 Nh5 19. Rad1 Nxg3 20. hxg3 Qc7 21. Nd3 Bf6 22. Rc1 Qd6 23. Qd1 a5 24. Qa4 Ne7 25. Nde5 Rxc1 26. Rxc1 Rc8 27. Rxc8+ Nxc8 28. Nd7 Bd8 29. Nde5 h6 30. Qe8+ Qf8 31. Qd7 Nd6 32. Qc6 b5 33. Nd7 Qe7 34. Nfe5 b4 35. axb4 axb4 36. Nc5 Nf5 37. d5 Nd4 38. Qb7 Qxb7 39. Nxb7 Bf6 40. Nc6 exd5 41. Nxb4 Nb3 42. Nxd5 Bxb2 43. Nd6 Bd4 44. Ne4 Nc5 45. Nxc5 Bxc5 46. Kf1 1/2-1/2